000 00366nam a22001337a 4500
082 _a940.27
_bAND
100 _aAnderson, J.H
_950204
245 _aThe waterloo campaign in 1815 or the campaign in belgium
260 _aLondon
_bHugh rees ltd
_c1907
300 _axiii, 147 p;
526 _a0
_b0
_c0
_d940_270000000000000_AND
650 _aMCE
_9379
942 _2ddc
_cBK
999 _c553359
_d553359